Loading...
| Science - Physics | 0 | 9 | 1 | 0 | 85 | 17 | 35.44 | 8 | 9 |
| Mythology | 0 | 7 | 0 | 0 | 70 | 15 | 41.57 | 3 | 7 |
| Science - Other Science | 0 | 4 | 0 | 3 | 40 | 46 | 58.75 | 1 | 1 |
| Science - Chemistry | 0 | 4 | 0 | 1 | 40 | 45 | 67.25 | 2 | 4 |
| Religion | 0 | 4 | 1 | 1 | 35 | 11 | 48.25 | 2 | 3 |
| Current Events | 0 | 3 | 0 | 2 | 30 | 45 | 83.00 | 0 | 1 |
| Fine Arts - Other Fine Arts | 0 | 3 | 0 | 2 | 30 | 49 | 92.33 | 0 | 0 |
| History - World History | 0 | 3 | 0 | 1 | 30 | 30 | 66.67 | 0 | 2 |
| Philosophy | 0 | 3 | 0 | 1 | 30 | 28 | 46.67 | 1 | 3 |
| Social Science | 0 | 3 | 0 | 0 | 30 | 48 | 59.33 | 0 | 2 |
| Literature - World Literature | 0 | 2 | 0 | 1 | 20 | 81 | 102.00 | 0 | 1 |
| Geography | 0 | 2 | 0 | 0 | 20 | 62 | 82.00 | 1 | 2 |
| History - European History | 0 | 2 | 0 | 0 | 20 | 61 | 63.00 | 1 | 1 |
| History - American History | 0 | 2 | 0 | 0 | 20 | 21 | 50.50 | 1 | 1 |
| History - Other History | 0 | 2 | 1 | 1 | 15 | 52 | 78.50 | 1 | 2 |
| Literature - American Literature | 0 | 1 | 0 | 1 | 10 | 106 | 106.00 | 1 | 1 |
| Literature - British Literature | 0 | 1 | 1 | 0 | 5 | 84 | 84.00 | 0 | 0 |
| Literature - European Literature | 0 | 1 | 1 | 1 | 5 | 97 | 97.00 | 0 | 0 |